Genshin Impact Weapon Type by Characters - Statistics

General Stats
  • This quiz has been taken 251 times
  • The average score is 81 of 90
Answer Stats
Hint Answer % Correct
Aloy Bow
98%
Amber Bow
98%
Alhaitham Sword
98%
Albedo Sword
98%
Arataki Itto Claymore
97%
Baizhu Catalyst
94%
Barbara Catalyst
94%
Arlecchino Polearm
94%
Beidou Claymore
93%
Bennett Sword
93%
Candace Polearm
92%
Chasca Bow
91%
Fischl Bow
91%
Charlotte Catalyst
91%
Chongyun Claymore
91%
Eula Claymore
91%
Freminet Claymore
91%
Gaming Claymore
91%
Kaveh Claymore
91%
Chevreuse Polearm
91%
Chiori Sword
91%
Clorinde Sword
91%
Furina Sword
91%
Kaedehara Kazuha Sword
91%
Kamisato Ayaka Sword
91%
Kamisato Ayato Sword
91%
Keqing Sword
91%
Collei Bow
90%
Diona Bow
90%
Faruzan Bow
90%
Ganyu Bow
90%
Gorou Bow
90%
Kujou Sara Bow
90%
Lyney Bow
90%
Klee Catalyst
90%
Lisa Catalyst
90%
Dehya Claymore
90%
Diluc Claymore
90%
Dori Claymore
90%
Cyno Polearm
90%
Emilie Polearm
90%
Hutao Polearm
90%
Kachina Polearm
90%
Mika Polearm
90%
Jean Sword
90%
Kaeya Sword
90%
Kirara Sword
90%
Kuki Shinobu Sword
90%
Layla Sword
90%
Lynette Sword
90%
Mona Catalyst
89%
Mualani Catalyst
89%
Navia Claymore
89%
Nilou Sword
89%
Ororon Bow
88%
Tartaglia Bow
88%
Venti Bow
88%
Yoimiya Bow
88%
Nahida Catalyst
88%
Neuvillette Catalyst
88%
Ningguang Catalyst
88%
Shikanoin Heizou Catalyst
88%
Noelle Claymore
88%
Raiden Shogun Polearm
88%
Shenhe Polearm
88%
Thoma Polearm
88%
Xiangling Polearm
88%
Xiao Polearm
88%
Zhongli Polearm
88%
Qiqi Sword
88%
Traveler Sword
88%
Xilonen Sword
88%
Xingqiu Sword
88%
Sethos Bow
87%
Sigewinne Bow
87%
Tighnari Bow
87%
Sangonomiya Kokomi Catalyst
87%
Sucrose Catalyst
87%
Wanderer Catalyst
87%
Wriothesley Catalyst
87%
Xianyun Catalyst
87%
Yae Miko Catalyst
87%
Razor Claymore
87%
Sayu Claymore
87%
Rosaria Polearm
87%
Yaoyao Polearm
87%
Yun Jin Polearm
87%
Yelan Bow
86%
Yanfei Catalyst
86%
Xinyan Claymore
86%
No matching quizzes found
Score Distribution
Percent of People with Each Score
Percentile by Number Answered
Your Score History
You have not taken this quiz